000 01222naa a2200313 c 4500
001 50186
999 _c50186
_d50186
003 ES-MaCES
005 20171103133255.0
008 171103s2017 fr ||||| t||||||| ||fre d
040 _aES-MaCES
_bspa
_cES-MaCES
_dES-MaCES
100 1 _97366
_aBéduwé, Catherine
245 1 0 _aDe la professionnalité desétudiants à leur employabilité, n'y a-t-il qu'un pas?
_cCatherine Béduwé, Virginie Mora
500 _aResumen
504 _aBibliografía: p. 75-77
650 4 _929942
_ainserción profesional
650 4 _929538
_ainiciación profesional
650 4 _929447
_atransición a la vida profesional
650 4 _927441
_aestudiante
650 4 _927379
_aenseñanza superior
650 4 _928319
_acalificación profesional
650 4 _929952
_anivel de calificación
650 4 _929976
_arelación formación empleo
650 4 _929674
_aempleabilidad
653 1 0 _aEmpleo
700 _938682
_aMora, Virginie
773 0 _986495
_dParis (Quai Voltaire, 29-31, 75344, Cedex 07) La Documentation française
_o089392
_tFormation emploi
_w(ES-MaCES)25406
_gnº 138 (avril-juin 2017) {10396 R. 089392} ;p. 59-77
902 _aART Artículo de revista
942 _2CES
_cAR
_h2.0.